000
00217nam a22000857a 4500
008
161121b xxu||||| |||| 00| 0 eng d
100
_9
1296
_a
BPI India
245
_a
The Hidden Treasure
260
_a
New Delhi
_b
BPI INDIA
_c
2011
999
_c
4000
_d
4000